World Capitals whose Closest Larger 1M Non-Capital is Istanbul or Abidjan - Statistics

General Stats
  • This quiz has been taken 46 times
  • The average score is 9 of 17
Answer Stats
D (km) Capital City % Correct
570 Athens
95%
503 Sofia
85%
351 Ankara
83%
439 Bucharest
75%
1043 Kiev
58%
1074 Freetown
53%
1800 Dakar
50%
757 Monrovia
48%
1463 Bissau
45%
1161 Conakry
45%
920 Bamako
43%
215 Yamoussoukro
43%
1610 Baghdad
40%
1643 Banjul
35%
2258 Paris
25%
2745 Madrid
23%
2848 Khartoum
13%
No matching quizzes found
Score Distribution
Percent of People with Each Score
Percentile by Number Answered
Your Score History
You have not taken this quiz